The proposed Congressional Right to Information Act and executive privilege : a constitutional analysis /

Bibliographic Details
Main Author: Ehlke, Richard C.
Corporate Author: Library of Congress. Congressional Research Service
Format: Microform Book
Language:English
Published: [Washington, D.C.] : Library of Congress, Congressional Research Service, [1974]
Series:Major studies of the Legislative Reference Service/Congressional Research Service ; reel 4, fr. 0303.
Subjects:

MARC

Tag First Indicator Second Indicator Subfields
LEADER 00000cam a2200000 a 4500
001 in00001375813
005 20151006085622.0
007 hd afa014baca
008 901115s1974 dcu ab f000 0 eng d
035 |a (OCoLC)22692995 
035 |9 AHJ7040AM 
040 |a UPA  |c UPA  |d UtOrBLW 
043 |a n-us--- 
049 |a TXAI 
090 |a JK1108  |b .M35 reel 4 
099 |a film  |a S  |a 1707  |a  reel 4, fr. 0303). 
100 1 |a Ehlke, Richard C. 
245 1 4 |a The proposed Congressional Right to Information Act and executive privilege :  |b a constitutional analysis /  |c Richard C. Ehlke. 
264 1 |a [Washington, D.C.] :  |b Library of Congress, Congressional Research Service,  |c [1974] 
300 |a 24 pages ;  |c 27 cm. 
336 |a text  |b txt  |2 rdacontent 
337 |a microform  |b h  |2 rdamedia 
338 |a microfilm reel  |b hd  |2 rdacarrier 
500 |a Cover title. 
500 |a "September 30, 1974." 
504 |a Includes bibliographical references. 
500 |a "74-174 A." 
533 |a Microfilm.  |b Arlington, Va. :  |c University Publications of America,  |d 1975.  |e on 1 microfilm reel ; 35 mm. Low reduction.  |f (Major studies of the Legislative Reference Service/Congressional Research Service ; reel 4, fr. 0303). 
539 |a s  |b 1975  |d dcu  |e n 
500 |a Microform. 
650 0 |a Freedom of information  |z United States. 
650 0 |a Executive privilege (Government information)  |z United States. 
650 0 |a Government information  |z United States. 
710 2 |a Library of Congress.  |b Congressional Research Service. 
830 0 |a Major studies of the Legislative Reference Service/Congressional Research Service ;  |v reel 4, fr. 0303. 
999 |a MARS 
999 f f |s 911f6f1b-887d-3999-ae42-87e8efae0658  |i 4ca73683-3923-30e0-b686-3c79fd2943be  |t 0 
952 f f |p default  |a Texas A&M University  |b College Station  |c Sterling C. Evans Library  |d Evans: Microforms (3rd floor)  |t 0  |e film S 1707 reel 4, fr. 0303).  |h Other scheme  |i microform -- microfilm reel 
998 f f |a film S 1707 reel 4, fr. 0303).  |t 0  |l Evans: Microforms (3rd floor)